000 00782nam a2200205Ii 4500
003 JO-AjNU
008 230605s9999||||xx |||||||||||||| ||und||
017 _a2011/7/2681
040 _aJO-AjNU
_bara
_erda
_cJO-AjNU
041 _aara
050 1 4 _aDS63.6.D5764 2011
100 3 _aالدوري، عبد العزيز,
_eauthor
_957261
245 0 0 _aالتكوين التاريخي للأمة العربية : دراسة في الهوية والوعي
264 3 1 _aعمان: وزارة الثقافة، 2011
300 _a336ص
_bالمراجع ص 287-306 ؛ فهرس عام ص307-336
336 _atext
_btxt
_2rdacontent
337 _aunmediated
_bn
_2rdamedia
338 _avolume
_bnc
_2rdacarrier
650 4 _aالقومية العربية- الوحدة العربية
_957262
999 _aA25648
_c29216
_d29216